|
|
|
|
| LEADER |
00000nab a2200000 a 4500 |
| 001 |
vtls008408500 |
| 003 |
SK-MaSNL |
| 005 |
20260304210641.0 |
| 008 |
250505c2005 xo mr|p|||||||000 b|slo |
| 015 |
|
|
|a SNBRB2005/11
|2 snkbucl
|
| 035 |
|
|
|a (sysno)vtls008408500
|
| 035 |
|
|
|a urn:nbn:sk:snk-ab6hzx
|
| 035 |
|
|
|a (uuid)55cce988-a0e9-459e-96af-3853902b84f4
|
| 035 |
|
|
|a (urnnbn)urn:nbn:sk:snk:ar-0038uk
|
| 038 |
|
|
|a SNKBUCL
|
| 040 |
|
|
|a SNKBUCL
|b slo
|c SNKBUCL
|e AACR2
|
| 041 |
0 |
|
|a slo
|
| 044 |
|
|
|a xo
|c SK
|
| 080 |
|
|
|a 004.42:004.438
|2 1997
|
| 080 |
|
|
|a 004.438
|2 1997
|
| 080 |
|
|
|a 004.415
|2 1997
|
| 100 |
1 |
|
|a Lengvarský, Igor
|4 aut
|9 1465458
|
| 245 |
1 |
0 |
|a PERL: operátory, inkrementácia, dekrementácia
|c Igor Lengvarský
|
| 300 |
|
|
|b Tab.
|
| 500 |
|
|
|a Pokračovanie
|
| 650 |
0 |
7 |
|a Perl
|2 snkbucl
|9 73216
|
| 650 |
0 |
7 |
|a programovacie jazyky
|2 snkbucl
|9 1838
|
| 650 |
0 |
7 |
|a programovanie
|2 snkbucl
|9 22041
|
| 773 |
0 |
|
|t Infoware
|g Č. jún (2005), s. 43
|x 1335-4787
|
| 850 |
|
|
|a Slovenská národná knižnica
|
| 852 |
|
|
|a Slovenská národná knižnica
|
| 954 |
|
|
|a odborná, vedecká literatúra pôvodná (slovenská)
|2 lita
|
| 958 |
|
|
|a article2022
|
| 958 |
|
|
|a OND
|
| 958 |
|
|
|a EUIPO
|
| 999 |
|
|
|c 3127034
|d 3128964
|